|
|
|
|
| LEADER |
00608nam a22001931a 4500 |
| 020 |
|
|
|a 9780719575583
|c 0.00
|
| 040 |
|
|
|a SSUS - Library - Kalady
|
| 082 |
|
|
|a 910
|b JOH/G
|
| 100 |
|
|
|a John Widdowson
|
| 245 |
|
|
|a GCSE geography in focus
|h [Text]
|
| 260 |
|
|
|a London
|b John Murray
|c 2001
|
| 300 |
|
|
|a 387p.
|
| 600 |
|
|
|a Geography
|
| 700 |
|
|
|a John Smith
|
| 700 |
|
|
|a Roger Knill
|
| 852 |
|
|
|h 910
|i JOH/G
|p 067834
|9 990.00
|t 0
|
| 942 |
|
|
|c BK
|
| 999 |
|
|
|c 15639
|d 15639
|
| 952 |
|
|
|0 0
|1 0
|4 0
|6 910_000000000000000_JOH_G
|7 0
|9 22189
|a SSUS
|b SSUS
|d 2015-01-08
|g 990.00
|l 2
|o 910 JOH/G
|p 067834
|r 2019-02-12
|s 2019-01-28
|v 0.00
|w 2015-01-08
|y BK
|